| 000 | 00387nam a2200157Ia 4500 | ||
|---|---|---|---|
| 003 | 0STCL | ||
| 008 | 150530s9999 xx 000 0 und d | ||
| 040 |
_aSTCL _cSTCL |
||
| 100 | _aFritsch, F.E. | ||
| 245 | _aStructure and reproduction of the algae vol I | ||
| 260 |
_bCambridge university _c1965 |
||
| 546 | _aEnglish | ||
| 942 |
_2ddc _cBK |
||
| 999 |
_c35939 _d35939 |
||
| 005 | 20220125170355.0 | ||